טוען...

Annelida: A textbook for college and University students

מידע ביבליוגרפי
מחבר ראשי: Kotpal, R L
פורמט: Printed Book
יצא לאור: Rastogi Publications, Meerut 1978
נושאים:
LEADER 00548nam a2200193 4500
020
082 |a 592.6 KOT-A 
100 |a Kotpal, R L 
245 |a Annelida: A textbook for college and University students 
250
260 |a Rastogi Publications, Meerut  |c 1978 
300 |a 236 
490
500
590 |a Sajana  |b 2011-04-01 11:21:05 
650 |a Annelida (Segmented worms) 
942 |c BK 
999 |c 96053  |d 96053 
952 |0 0  |1 0  |4 0  |6 592_600000000000000_KOTA  |7 0  |9 109521  |a AQU  |b AQU  |l 0  |o 592.6 KOT-A  |p AQU02406  |r 2019-09-25  |w 2019-09-25  |y BK